Многоканальный аппаратно-программный комплекс для мониторинга и анализа вибросигналов; Известия Томского политехнического университета [Известия ТПУ]; Т. 310, № 2
| Parent link: | Известия Томского политехнического университета [Известия ТПУ]/ Томский политехнический университет (ТПУ).— , 2000- Т. 310, № 2.— 2007.— [С. 107-112] |
|---|---|
| Autor principal: | |
| Altres autors: | , |
| Sumari: | Заглавие с титульного листа Электронная версия печатной публикации Приводится описание конструкции и принципов работы комплекса для анализа вибросигналов. Особенностью комплекса является применение в нем методов вейвлет-анализа. Показаны особенности вейвлет-преобразования при решении задач вибродиагностики механических систем в сравнении с Фурье-анализом. Создан аппаратно-программный макет измерительного комплекса, проведены его испытания. |
| Idioma: | rus |
| Publicat: |
2007
|
| Col·lecció: | Математика и механика. Физика |
| Matèries: | |
| Accés en línia: | http://www.lib.tpu.ru/fulltext/v/Bulletin_TPU/2007/v310/i2/24.pdf |
| Format: | Electrònic Capítol de llibre |
| KOHA link: | https://koha.lib.tpu.ru/cgi-bin/koha/opac-detail.pl?biblionumber=172119 |
MARC
| LEADER | 00000nla2a2200000 4500 | ||
|---|---|---|---|
| 001 | 172119 | ||
| 005 | 20231031164212.0 | ||
| 035 | |a (RuTPU)RU\TPU\book\186612 | ||
| 035 | |a RU\TPU\book\186593 | ||
| 090 | |a 172119 | ||
| 100 | |a 20091210d2007 k y0rusy50 ca | ||
| 101 | 0 | |a rus | |
| 102 | |a RU | ||
| 135 | |a drnn ---uucaa | ||
| 181 | 0 | |a i | |
| 182 | 0 | |a b | |
| 200 | 1 | |a Многоканальный аппаратно-программный комплекс для мониторинга и анализа вибросигналов |b Электронный ресурс |f В. В. Гренке, И. В. Шакиров, А. М. Самойлов | |
| 203 | |a Текст |c электронный | ||
| 215 | |a 1 файл (1024 Кб) | ||
| 225 | 1 | |a Математика и механика. Физика | |
| 230 | |a Электронные текстовые данные (1 файл : 1024 Кб) | ||
| 300 | |a Заглавие с титульного листа | ||
| 300 | |a Электронная версия печатной публикации | ||
| 320 | |a [Библиогр.: с. 112 (4 назв.)] | ||
| 330 | |a Приводится описание конструкции и принципов работы комплекса для анализа вибросигналов. Особенностью комплекса является применение в нем методов вейвлет-анализа. Показаны особенности вейвлет-преобразования при решении задач вибродиагностики механических систем в сравнении с Фурье-анализом. Создан аппаратно-программный макет измерительного комплекса, проведены его испытания. | ||
| 337 | |a Adobe Reader | ||
| 461 | 1 | |0 (RuTPU)RU\TPU\book\176237 |t Известия Томского политехнического университета [Известия ТПУ] |f Томский политехнический университет (ТПУ) |d 2000- | |
| 463 | 1 | |0 (RuTPU)RU\TPU\book\186512 |x 1684-8519 |t Т. 310, № 2 |v [С. 107-112] |d 2007 |p 269 с. | |
| 610 | 1 | |a аппаратно-программные комплексы | |
| 610 | 1 | |a мониторинг | |
| 610 | 1 | |a анализ | |
| 610 | 1 | |a вибросигналы | |
| 610 | 1 | |a конструкции | |
| 610 | 1 | |a принципы | |
| 610 | 1 | |a вейвлет-анализ | |
| 610 | 1 | |a вейвлет-преобразования | |
| 610 | 1 | |a вибродиагностика | |
| 610 | 1 | |a механические системы | |
| 610 | 1 | |a Фурье-анализ | |
| 610 | 1 | |a аппаратно-программные макеты | |
| 610 | 1 | |a измерительные комплексы | |
| 610 | 1 | |a испытания | |
| 610 | 1 | |a электронный ресурс | |
| 700 | 1 | |a Гренке |b В. В. | |
| 701 | 1 | |a Шакиров |b И. В. | |
| 701 | 1 | |a Самойлов |b А. М. | |
| 801 | 1 | |a RU |b 63413507 |c 20090623 |g PSBO | |
| 801 | 2 | |a RU |b 63413507 |c 20211115 |g PSBO | |
| 856 | 4 | |u http://www.lib.tpu.ru/fulltext/v/Bulletin_TPU/2007/v310/i2/24.pdf | |
| 942 | |c CF | ||